[Event "Reykjavik op"]
[Site "Reykjavik"]
[Date "2025.04.12"]
[Round "5"]
[White "Weersing, Abigail Riis"]
[Black "Schreidl, Michael"]
[Result "1-0"]
[WhiteElo "2069"]
[BlackElo "1949"]
[PlyCount "57"]
[EventDate "2025.04.09"]
[EventType "swiss"]
[EventRounds "9"]
[EventCountry "ISL"]
[SourceTitle "CB17_2025"]
[SourceDate "2025.04.23"]
[SourceVersion "1"]
[SourceVersionDate "2025.04.23"]
[SourceQuality "1"]

1. d4 e6 2. c4 Bb4+ 3. Nc3 b6 4. Qc2 Bb7 5. e4 f5 6. exf5 Nf6 7. fxe6 0-0 8. Bg5 Qe8 9. Bxf6 Rxf6 10. 0-0-0 Bxc3 11. Qxc3 Rxf2 12. Qg3 Rf6 13. Qxc7 Be4 14. Nf3 dxe6 15. Qe5 Qg6 16. Qg5 Qe8 17. Qe3 Bxf3 18. gxf3 Qc6 19. Bd3 Na6 20. Qe4 Rc8 21. Qxh7+ Kf7 22. Rhg1 Rg8 23. Rg6 Kf8 24. Rxf6+ gxf6 25. Qe4 Qd7 26. Qh4 Kf7 27. Qh7+ Rg7 28. Bg6+ Kf8 29. Qh8+ 1-0

[Event "GER-chT U16"]
[Site "Darmstadt"]
[Date "2022.12.29"]
[Round "6"]
[White "Schreidl, Michael"]
[Black "Sanmugalingam, Kapirththan"]
[Result "1/2-1/2"]
[WhiteElo "1713"]
[BlackElo "1693"]
[PlyCount "80"]
[EventDate "2022.12.26"]
[EventType "team-swiss"]
[EventRounds "7"]
[EventCountry "GER"]
[SourceTitle "CBM 212 Extra"]
[Source "ChessBase"]
[SourceDate "2023.03.31"]
[SourceVersion "1"]
[SourceVersionDate "2023.03.31"]
[SourceQuality "1"]
[WhiteTeam "Frankenthal"]
[BlackTeam "Neureut"]
[WhiteTeamCountry "GER"]
[BlackTeamCountry "GER"]

1. e4 c5 2. Nf3 Nc6 3. d4 cxd4 4. Nxd4 d6 5. Be3 Nf6 6. f3 g6 7. Nc3 Bg7 8. Qd2 Bd7 9. h3 a6 10. a4 Rc8 11. Nb3 Na5 12. Nxa5 Qxa5 13. Bd4 Qb4 14. Ne2 Qxd2+ 15. Kxd2 Rc4 16. b3 Rc6 17. g4 g5 18. h4 h6 19. hxg5 hxg5 20. Rxh8+ Bxh8 21. Bg2 Kf8 22. Rh1 Kg8 23. f4 Nh7 24. e5 dxe5 25. fxe5 Re6 26. Be4 Nf8 27. Bf5 Rc6 28. Ng3 Bxf5 29. Nxf5 Re6 30. Nh6+ Kg7 31. Nxf7 Kxf7 32. Rxh8 Ng6 33. Rh7+ Ke8 34. Rh6 Kd7 35. Be3 Nxe5 36. Rxe6 Kxe6 37. Ke2 Kd5 38. Bxg5 e6 39. Bf4 Nxg4 40. Bg5 Ke4 1/2-1/2

[Event "GER-chT U16"]
[Site "Darmstadt"]
[Date "2022.12.28"]
[Round "4"]
[White "Deiters, Clemens"]
[Black "Schreidl, Michael"]
[Result "1/2-1/2"]
[WhiteElo "1343"]
[BlackElo "1713"]
[PlyCount "77"]
[EventDate "2022.12.26"]
[EventType "team-swiss"]
[EventRounds "7"]
[EventCountry "GER"]
[SourceTitle "CBM 212 Extra"]
[Source "ChessBase"]
[SourceDate "2023.03.31"]
[SourceVersion "1"]
[SourceVersionDate "2023.03.31"]
[SourceQuality "1"]
[WhiteTeam "Vaterstetten Grasbrunn"]
[BlackTeam "Frankenthal"]
[WhiteTeamCountry "GER"]
[BlackTeamCountry "GER"]

1. e4 e5 2. Nf3 Nc6 3. Bc4 Bc5 4. 0-0 Nf6 5. d4 Bxd4 6. Nxd4 Nxd4 7. f4 d6 8. fxe5 dxe5 9. Bg5 Be6 10. Na3 Qe7 11. c3 Nc6 12. Kh1 h6 13. Bxf6 gxf6 14. Qf3 Rd8 15. Qxf6 Qxf6 16. Rxf6 Rd2 17. Bxe6 fxe6 18. Nc4 Re2 19. Raf1 Rh7 20. Rxe6+ Kd7 21. Ref6 Rxe4 22. Nd2 Re2 23. R6f2 Rxf2 24. Rxf2 Ke6 25. Ne4 b6 26. Kg1 Rf7 27. Rxf7 Kxf7 28. Kf2 Ke6 29. Ke3 Ne7 30. g3 h5 31. h3 Nf5+ 32. Kd3 a5 33. g4 hxg4 34. hxg4 Nh4 35. c4 Nf3 36. Ke3 Nh2 37. Nf2 Nf1+ 38. Kd3 Nh2 39. Ke4 1/2-1/2

[Event "Heusenstamm Sparkassen op-A 7th"]
[Site "Heusenstamm"]
[Date "2021.11.20"]
[Round "4.73"]
[White "Schreidl, Michael"]
[Black "Werner, Tom"]
[Result "1/2-1/2"]
[WhiteElo "1598"]
[BlackElo "1780"]
[PlyCount "39"]
[EventDate "2021.11.18"]
[EventType "swiss"]
[EventRounds "7"]
[EventCountry "GER"]
[SourceTitle "EXT 2023"]
[Source "ChessBase"]
[SourceDate "2022.10.05"]
[SourceVersion "1"]
[SourceVersionDate "2022.10.05"]
[SourceQuality "1"]

1. e4 e6 2. d4 d5 3. Nc3 Nf6 4. Bg5 dxe4 5. Nxe4 Be7 6. Nxf6+ Bxf6 7. Bxf6 Qxf6 8. Bd3 b6 9. Be4 c6 10. Nf3 Bb7 11. 0-0 Nd7 12. Re1 0-0 13. Qd3 h6 14. c3 Rac8 15. Ne5 Nxe5 16. dxe5 Qe7 17. Rad1 Rfd8 18. Qf3 Rxd1 19. Rxd1 Rd8 20. h3 1/2-1/2

[Event "GER-ch U12"]
[Site "Willingen"]
[Date "2020.10.28"]
[Round "2"]
[White "Winkler, Yonathan"]
[Black "Schreidl, Michael"]
[Result "1-0"]
[WhiteElo "1680"]
[BlackElo "1640"]
[PlyCount "157"]
[EventDate "2020.10.26"]
[EventType "swiss"]
[EventRounds "7"]
[EventCountry "GER"]
[SourceTitle "CBM 199 Extra"]
[Source "ChessBase"]
[SourceDate "2021.01.31"]
[SourceVersion "1"]
[SourceVersionDate "2021.01.31"]
[SourceQuality "1"]

1. e4 e5 2. Nf3 Nc6 3. Nc3 Nf6 4. Bb5 Bd6 5. d3 0-0 6. Bg5 Be7 7. Qd2 d6 8. a3 Bg4 9. Bxc6 bxc6 10. h3 Bc8 11. Ne2 Nd7 12. Bxe7 Qxe7 13. Ng3 Nc5 14. b4 Na4 15. c4 c5 16. 0-0 Bd7 17. Rfd1 Rfb8 18. Rab1 Rb6 19. b5 Rbb8 20. Qc2 Nb6 21. a4 Nc8 22. Nd2 c6 23. Ndf1 cxb5 24. axb5 g6 25. Ne3 Nb6 26. Ra1 Rb7 27. Ra6 Be6 28. Rda1 Nc8 29. Ne2 Qg5 30. Kh2 f5 31. Nf1 f4 32. f3 h5 33. Nc1 Qh4 34. Nb3 Nb6 35. Na5 Rg7 36. Nc6 Nc8 37. b6 g5 38. Nd8 Bd7 39. b7 Rb8 40. bxc8Q Rxc8 41. Nb7 g4 42. Kh1 g3 43. Kg1 Bxh3 44. gxh3 g2 45. Nh2 Rg3 46. Rxd6 Rc7 47. Nxc5 Qe7 48. Raa6 Rxc5 49. Qb3 Kh7 50. Qa3 Rc7 51. Rh6+ Kg7 52. Qxe7+ Rxe7 53. Rxh5 Rb7 54. Ra1 Kf6 55. Rf5+ Ke6 56. Ra6+ Ke7 57. Rxe5+ Kd7 58. Rb5 Rxb5 59. cxb5 Kc7 60. Rxa7+ Kb6 61. Rf7 Kxb5 62. Rxf4 Rxh3 63. Kxg2 Rh8 64. Ng4 Kc5 65. e5 Kd5 66. Re4 Ke6 67. Kf2 Ra8 68. Ke3 Rd8 69. Rd4 Rf8 70. Rd6+ Ke7 71. Ke4 Ra8 72. f4 Rf8 73. f5 Rg8 74. Nf6 Ra8 75. Rd7+ Kf8 76. Nd5 Ra4+ 77. d4 Ra8 78. e6 Re8 79. Rf7+ 1-0

[Event "GER-chT Lands U20"]
[Site "Berlin"]
[Date "2020.10.02"]
[Round "5.2"]
[White "Werner, Florin"]
[Black "Schreidl, Michael"]
[Result "0-1"]
[WhiteElo "1481"]
[BlackElo "1640"]
[PlyCount "86"]
[EventDate "2020.09.29"]
[EventType "team-swiss"]
[EventRounds "7"]
[EventCountry "GER"]
[SourceTitle "CBM 198 Extra"]
[Source "ChessBase"]
[SourceDate "2020.11.30"]
[SourceVersion "1"]
[SourceVersionDate "2020.11.30"]
[SourceQuality "1"]
[WhiteTeam "Hessen U20"]
[BlackTeam "Rheinland Pfalz U20"]
[WhiteTeamCountry "GER"]
[BlackTeamCountry "GER"]

1. e4 e5 2. Nf3 Nc6 3. Bc4 Bc5 4. c3 Nf6 5. d4 exd4 6. e5 d5 7. Bb5 Ne4 8. 0-0 Bg4 9. cxd4 Bb6 10. Nc3 0-0 11. Bxc6 bxc6 12. Be3 f5 13. h3 Bh5 14. Re1 f4 15. Bc1 Ng5 16. Qd3 Bxf3 17. gxf3 Nxh3+ 18. Kf1 Qh4 19. Nd1 Qg5 20. b3 Qh5 21. Ke2 Ng5 22. Nc3 Ne6 23. Bb2 Nxd4+ 24. Kd2 Nxf3+ 25. Kc2 Nxe1+ 26. Rxe1 Bxf2 27. Re2 Be3 28. e6 Rfe8 29. Nd1 Rxe6 30. Rg2 Rg6 31. Re2 Re8 32. Nxe3 fxe3 33. Rxe3 Rg2+ 34. Kc3 Rxe3 35. Qxe3 Re2 36. Qxa7 Qf3+ 37. Kb4 Re4+ 38. Ka5 Qf8 39. Qxc7 Re7 40. Qg3 Rb7 41. Qd3 Qa8+ 42. Qa6 Rb5+ 43. Ka4 Qxa6# 0-1

[Event "GER-chT Lands U20"]
[Site "Berlin"]
[Date "2020.09.30"]
[Round "1.3"]
[White "Schreidl, Michael"]
[Black "Besou, Hussain"]
[Result "0-1"]
[WhiteElo "1640"]
[BlackElo "1825"]
[PlyCount "192"]
[EventDate "2020.09.29"]
[EventType "team-swiss"]
[EventRounds "7"]
[EventCountry "GER"]
[SourceTitle "CBM 198 Extra"]
[Source "ChessBase"]
[SourceDate "2020.11.30"]
[SourceVersion "1"]
[SourceVersionDate "2020.11.30"]
[SourceQuality "1"]
[WhiteTeam "Rheinland Pfalz U20"]
[BlackTeam "Nordrhein Westfalen U20"]
[WhiteTeamCountry "GER"]
[BlackTeamCountry "GER"]

1. e4 c5 2. Nf3 Nc6 3. d4 cxd4 4. Nxd4 e5 5. Nb5 Nf6 6. N1c3 d6 7. Bg5 a6 8. Na3 h6 9. Be3 Ng4 10. Nd5 Nxe3 11. Nxe3 Be7 12. Nd5 b5 13. c3 0-0 14. Be2 f5 15. exf5 Bxf5 16. 0-0 Kh8 17. Nc2 Bg5 18. Nce3 Bh7 19. c4 bxc4 20. Nxc4 Nd4 21. Bd3 Bg8 22. Nce3 Rb8 23. b3 a5 24. Bc4 Rc8 25. Ba6 Rc5 26. Bc4 Qb8 27. Qg4 Be6 28. Qh5 Qb7 29. h4 Bf7 30. Qg4 Be6 31. Qh5 Bd8 32. Qg6 Bxh4 33. Rad1 Rxd5 34. Nxd5 Bxd5 35. Qxd6 Rd8 36. Bxd5 Qxd5 37. Qxd5 Rxd5 38. Kh1 Bf6 39. g3 a4 40. Kg2 axb3 41. axb3 Rb5 42. f4 exf4 43. Rxf4 Nxb3 44. Rb1 Nd4 45. Rxb5 Nxb5 46. Rb4 Nd4 47. Kh3 Kh7 48. Kg4 Kg6 49. Ra4 h5+ 50. Kh3 Kg5 51. Ra5+ Nf5 52. Ra4 Be5 53. g4 hxg4+ 54. Rxg4+ Kh5 55. Ra4 g6 56. Rb4 Bd6 57. Ra4 g5 58. Re4 Bf4 59. Re8 g4+ 60. Kg2 Nh4+ 61. Kf1 g3 62. Kg1 Kg4 63. Rg8+ Bg5 64. Kh1 Kf4 65. Rf8+ Ke3 66. Rf7 Bf4 67. Kg1 Kf3 68. Kf1 Kg4 69. Rg7+ Kh3 70. Rxg3+ Kxg3 71. Ke2 Kg2 72. Kd3 Kf3 73. Kd4 Nf5+ 74. Kd5 Ke3 75. Ke6 Ke4 76. Kf6 Nd4 77. Kg6 Kf3 78. Kf6 Bd6 79. Kf7 Ke4 80. Ke8 Kd5 81. Kd7 Nb3 82. Kc8 Nc5 83. Kd8 Kc6 84. Ke8 Ne4 85. Kf7 Kd7 86. Kg6 Ke6 87. Kh5 Kf5 88. Kh4 Ng5 89. Kh5 Nf3 90. Kh6 Bf8+ 91. Kh5 Be7 92. Kh6 Kg4 93. Kg6 Ne5+ 94. Kg7 Kg5 95. Kg8 Kg6 96. Kh8 Ng4 0-1

[Event "GER Pfingstopen U16"]
[Site "Playchess.com INT"]
[Date "2020.06.05"]
[Round "1"]
[White "Kieselbach, Jannik"]
[Black "Schreidl, Michael"]
[Result "1/2-1/2"]
[WhiteElo "1563"]
[BlackElo "1730"]
[PlyCount "52"]
[EventDate "2020.06.05"]
[EventType "swiss (blitz)"]
[EventRounds "11"]
[EventCountry "GER"]
[SourceTitle "CBM 197 Extra"]
[Source "ChessBase"]
[SourceDate "2020.09.30"]
[SourceVersion "1"]
[SourceVersionDate "2020.09.30"]
[SourceQuality "1"]

1. d4 d5 2. c4 e6 3. Nc3 Nf6 4. Nf3 Be7 5. cxd5 exd5 6. Bf4 c6 7. e3 0-0 8. Bd3 Nbd7 9. 0-0 Re8 10. Ne5 Bf8 11. Qc2 Bb4 12. Nxd7 Bxd7 13. Be5 h6 14. a3 Ba5 15. b4 Bc7 16. Bxc7 Qxc7 17. Bf5 Bxf5 18. Qxf5 Qd7 19. Qxd7 Nxd7 20. Na4 b5 21. Nc5 Nb6 22. Rfe1 Nc4 23. Re2 a5 24. Ree1 Ra7 25. Nb3 a4 26. Nc5 Rc8 1/2-1/2

[Event "GER Pfingstopen U16"]
[Site "Playchess.com INT"]
[Date "2020.06.05"]
[Round "3"]
[White "Schreidl, Michael"]
[Black "Pikalow, Michael"]
[Result "0-1"]
[WhiteElo "1733"]
[BlackElo "1620"]
[PlyCount "130"]
[EventDate "2020.06.05"]
[EventType "swiss (blitz)"]
[EventRounds "11"]
[EventCountry "GER"]
[SourceTitle "CBM 197 Extra"]
[Source "ChessBase"]
[SourceDate "2020.09.30"]
[SourceVersion "1"]
[SourceVersionDate "2020.09.30"]
[SourceQuality "1"]

1. e4 c5 2. Nf3 d6 3. d4 cxd4 4. Nxd4 Nf6 5. Nc3 a6 6. f3 e5 7. Nb3 Be6 8. Nd5 Bxd5 9. exd5 Nbd7 10. c4 b6 11. Be3 h5 12. Qd2 g6 13. Be2 Bg7 14. 0-0 0-0 15. Bh6 Re8 16. Bxg7 Kxg7 17. Rae1 Rc8 18. f4 exf4 19. Qxf4 Ne5 20. Nd2 Qe7 21. b3 Nfd7 22. Qg3 a5 23. Bd1 Qf8 24. Bxh5 Qh8 25. Bf3 Qh6 26. Ne4 Nxf3+ 27. Rxf3 Ne5 28. Rf4 Nd3 29. Rh4 Qxh4 30. Qxh4 Nxe1 31. Qf6+ Kg8 32. Ng5 Rc7 33. Kf2 Nd3+ 34. Kf3 Ne5+ 35. Kf4 Rd7 36. g4 Nd3+ 37. Kf3 Ne5+ 38. Kf4 Nd3+ 39. Kg3 Re3+ 40. Kg2 Re2+ 41. Kf3 Re8 42. Kg2 Ne5 43. h4 Nxg4 44. h5 Nxf6 45. hxg6 fxg6 46. Ne6 Rxe6 47. dxe6 Re7 48. Kf3 Rxe6 49. Kf4 Kf7 50. Kg5 Re1 51. Kf4 Ra1 52. Ke3 Rxa2 53. Kd4 Rb2 54. Kc3 Rh2 55. Kd4 Rh3 56. b4 axb4 57. c5 dxc5+ 58. Kc4 Rc3+ 59. Kb5 b3 60. Kxb6 b2 61. Kc6 b1Q 62. Kc7 Re3 63. Kc6 Re6+ 64. Kc7 Qb6+ 65. Kc8 Re8# 0-1

[Event "GER Pfingstopen U12"]
[Site "Playchess.com INT"]
[Date "2020.06.02"]
[Round "8"]
[White "Fenski, Ole"]
[Black "Schreidl, Michael"]
[Result "1/2-1/2"]
[WhiteElo "1620"]
[BlackElo "1617"]
[PlyCount "87"]
[EventDate "2020.06.02"]
[EventType "swiss (blitz)"]
[EventRounds "11"]
[EventCountry "GER"]
[SourceTitle "CBM 197 Extra"]
[Source "ChessBase"]
[SourceDate "2020.09.30"]
[SourceVersion "1"]
[SourceVersionDate "2020.09.30"]
[SourceQuality "1"]

1. d4 d5 2. c4 e6 3. Nc3 Nf6 4. cxd5 exd5 5. Bg5 Be7 6. Qc2 c6 7. Nf3 Nbd7 8. e3 0-0 9. Bd3 Re8 10. 0-0 Nf8 11. Bh4 Nh5 12. Bxe7 Qxe7 13. Bxh7+ Nxh7 14. Rac1 g6 15. Qe2 N5f6 16. h3 Ne4 17. Nxe4 dxe4 18. Ne5 Qg5 19. Kh1 f6 20. Nc4 Be6 21. Nd6 Re7 22. Nxe4 Qd5 23. Nc3 Qh5 24. Qxh5 gxh5 25. Ne4 Bd5 26. Nc3 Be6 27. b3 Rg7 28. Ne4 Bd5 29. f3 Bxe4 30. fxe4 Re8 31. Rf4 Rg3 32. Rc3 Ng5 33. Kh2 Nxe4 34. Rxe4 Rxg2+ 35. Kxg2 Rxe4 36. Kf3 Re7 37. Rc5 Rh7 38. Kf4 Kf7 39. e4 h4 40. e5 fxe5+ 41. dxe5 Ke6 42. Ke4 Rc7 43. Rc3 Rd7 44. Rf3 1/2-1/2

[Event "GER Pfingstopen U12"]
[Site "Playchess.com INT"]
[Date "2020.06.02"]
[Round "3"]
[White "Herrmann, Jakob"]
[Black "Schreidl, Michael"]
[Result "1-0"]
[WhiteElo "1620"]
[BlackElo "1462"]
[PlyCount "133"]
[EventDate "2020.06.02"]
[EventType "swiss (blitz)"]
[EventRounds "11"]
[EventCountry "GER"]
[SourceTitle "CBM 197 Extra"]
[Source "ChessBase"]
[SourceDate "2020.09.30"]
[SourceVersion "1"]
[SourceVersionDate "2020.09.30"]
[SourceQuality "1"]

1. e4 e5 2. Nf3 Nc6 3. d4 exd4 4. Nxd4 Qf6 5. Be3 Bc5 6. c3 Nge7 7. Bc4 Bb6 8. 0-0 0-0 9. Na3 Ne5 10. Be2 d6 11. Nc4 Nxc4 12. Bxc4 Ng6 13. f4 Re8 14. Qc2 Bd7 15. Rad1 Bc6 16. Bd3 Re7 17. Kh1 Rae8 18. Nxc6 bxc6 19. Bxb6 axb6 20. g3 h5 21. Rfe1 h4 22. Bf1 hxg3 23. hxg3 Nf8 24. Bg2 Qh6+ 25. Kg1 Qg6 26. Qa4 b5 27. Qc2 Qxg3 28. Qd2 d5 29. e5 f5 30. Qf2 Ne6 31. Qxg3 Kf7 32. Qh2 Rh8 33. Qg3 g6 34. Re2 Rh7 35. Red2 Re8 36. Kf2 Reh8 37. Ke3 Rh4 38. Rf2 Rg4 39. Qxg4 fxg4 40. Rff1 Ng7 41. Rh1 Nf5+ 42. Ke2 Re8 43. Rh7+ Kg8 44. Rdh1 Ng3+ 45. Kf2 Nxh1+ 46. Rxh1 Kg7 47. Kg3 Re6 48. Kxg4 Re7 49. Kg5 Re6 50. Rh6 c5 51. Bxd5 Ra6 52. a3 Rc6 53. Bxc6 Kf8 54. Rxg6 Kf7 55. Bxb5 Ke7 56. Rg7+ Kf8 57. Kf6 c6 58. Bc4 Ke8 59. Ke6 Kf8 60. Kf6 Ke8 61. e6 Kd8 62. Rg8+ Kc7 63. e7 Kd6 64. e8Q Kc7 65. Rg7+ Kb6 66. Qb8+ Ka5 67. Qa7# 1-0

[Event "GER Pfingstopen U12"]
[Site "Playchess.com INT"]
[Date "2020.06.02"]
[Round "7"]
[White "Schreidl, Michael"]
[Black "Mueller, Maximilian3"]
[Result "1-0"]
[WhiteElo "1576"]
[BlackElo "1547"]
[PlyCount "101"]
[EventDate "2020.06.02"]
[EventType "swiss (blitz)"]
[EventRounds "11"]
[EventCountry "GER"]
[SourceTitle "CBM 197 Extra"]
[Source "ChessBase"]
[SourceDate "2020.09.30"]
[SourceVersion "1"]
[SourceVersionDate "2020.09.30"]
[SourceQuality "1"]

1. e4 e6 2. d4 d5 3. Nc3 Bb4 4. e5 c5 5. a3 Bxc3+ 6. bxc3 Ne7 7. Qg4 Ng6 8. h4 Qa5 9. Bd2 h5 10. Qg3 Qa4 11. Bd3 Ne7 12. Kd1 cxd4 13. cxd4 Qxd4 14. c3 Qa4+ 15. Bc2 Qb5 16. a4 Qc4 17. Bd3 Qg4+ 18. Qf3 Nbc6 19. Bb5 Bd7 20. Qxg4 hxg4 21. f4 gxf3 22. Nxf3 Ng6 23. Bxc6 Bxc6 24. h5 Ne7 25. Ke2 Nf5 26. Kf2 0-0-0 27. g4 Nh6 28. Bg5 Rd7 29. Rh4 Rc7 30. Bd2 Bd7 31. a5 a6 32. Nd4 Kb8 33. g5 Nf5 34. Nxf5 exf5 35. h6 gxh6 36. Rxh6 Rcc8 37. Rah1 Rhg8 38. Rf6 Be6 39. Rhh6 Rc5 40. g6 fxg6 41. Rxe6 Rxa5 42. Rexg6 Rxg6 43. Rxg6 Ra2 44. Ke3 f4+ 45. Kd3 Kc7 46. Rf6 Ra4 47. Bxf4 Kd7 48. Rd6+ Ke7 49. Bg5+ Kf7 50. e6+ Ke8 51. Rd8# 1-0

[Event "GER Pfingstopen U12"]
[Site "Playchess.com INT"]
[Date "2020.06.02"]
[Round "6"]
[White "Schreidl, Michael"]
[Black "Werner, Florin"]
[Result "1-0"]
[WhiteElo "1546"]
[BlackElo "1357"]
[PlyCount "27"]
[EventDate "2020.06.02"]
[EventType "swiss (blitz)"]
[EventRounds "11"]
[EventCountry "GER"]
[SourceTitle "CBM 197 Extra"]
[Source "ChessBase"]
[SourceDate "2020.09.30"]
[SourceVersion "1"]
[SourceVersionDate "2020.09.30"]
[SourceQuality "1"]

1. e4 e6 2. d4 d5 3. exd5 exd5 4. c4 dxc4 5. Bxc4 Nf6 6. Nc3 Nc6 7. Nf3 Be7 8. 0-0 0-0 9. Re1 Bf5 10. Bf4 Bg6 11. d5 Nb4 12. Re2 Na6 13. Bxa6 bxa6 14. Qe1 1-0

[Event "GER-ch Net Amateur Gr-B Vor3"]
[Site "Playchess.com INT"]
[Date "2020.04.16"]
[Round "1"]
[White "Hertlein, Alexander"]
[Black "Schreidl, Michael"]
[Result "1-0"]
[WhiteElo "1648"]
[BlackElo "1432"]
[PlyCount "85"]
[EventDate "2020.04.16"]
[EventType "swiss (blitz)"]
[EventRounds "9"]
[EventCountry "GER"]
[SourceTitle "CBM 195 Extra"]
[Source "ChessBase"]
[SourceDate "2020.05.31"]
[SourceVersion "1"]
[SourceVersionDate "2020.05.31"]
[SourceQuality "1"]

1. d4 d5 2. Nf3 Nf6 3. e3 e6 4. Be2 Be7 5. 0-0 c6 6. b3 0-0 7. Bb2 Nbd7 8. Nbd2 b6 9. c4 Bb7 10. Rc1 Rc8 11. a3 a5 12. h3 c5 13. dxc5 Nxc5 14. b4 Na6 15. b5 Nc5 16. a4 dxc4 17. Nxc4 Qxd1 18. Bxd1 Bd8 19. Bxf6 Bxf6 20. Nxb6 Rc7 21. Rxc5 Rxc5 22. Nd7 Rfc8 23. Nxc5 Rxc5 24. Nd2 Bc3 25. Ne4 Bxe4 26. Be2 Bb4 27. Rd1 Kf8 28. b6 Ke8 29. Ba6 Bd2 30. Rxd2 Rc1+ 31. Kh2 Bb7 32. Bxb7 Rb1 33. Bc6+ Ke7 34. Bb5 Kf6 35. b7 Rc1 36. b8Q Kg6 37. Qe5 Kh6 38. h4 g6 39. Qf6 Rc8 40. Qxf7 Kh5 41. g3 Kg4 42. Qf4+ Kh5 43. Be2# 1-0

[Event "Pfalz op-B 11th"]
[Site "Neustadt an der Weinstrasse"]
[Date "2020.02.21"]
[Round "1"]
[White "Schreidl, Michael"]
[Black "Lehnert, Michael"]
[Result "1/2-1/2"]
[WhiteElo "1658"]
[BlackElo "1895"]
[PlyCount "50"]
[EventDate "2020.02.21"]
[EventType "swiss"]
[EventRounds "7"]
[EventCountry "GER"]
[SourceTitle "CBM 195 Extra"]
[Source "ChessBase"]
[SourceDate "2020.05.31"]
[SourceVersion "1"]
[SourceVersionDate "2020.05.31"]
[SourceQuality "1"]

1. e4 e5 2. Nf3 d6 3. d4 exd4 4. Nxd4 Nf6 5. Nc3 Be7 6. Be2 0-0 7. Be3 c6 8. Qd2 b5 9. a3 Re8 10. f3 a5 11. 0-0 Bf8 12. Rfd1 d5 13. exd5 Nxd5 14. Nxd5 Qxd5 15. Bf2 Nd7 16. Nb3 Nf6 17. Qxd5 Nxd5 18. Bxb5 cxb5 19. Rxd5 a4 20. Nd4 b4 21. axb4 Bxb4 22. c3 a3 23. bxa3 Bxc3 24. Rc1 Bxd4 25. Bxd4 Be6 1/2-1/2

[Event "GER-chT U14"]
[Site "Magdeburg"]
[Date "2019.12.30"]
[Round "7.6"]
[White "Schreidl, Michael"]
[Black "Toth, Marc"]
[Result "1-0"]
[WhiteElo "1632"]
[BlackElo "1564"]
[PlyCount "67"]
[EventDate "2019.12.27"]
[EventType "team-swiss"]
[EventRounds "7"]
[EventCountry "GER"]
[SourceTitle "CBM 194 Extra"]
[Source "ChessBase"]
[SourceDate "2020.03.31"]
[SourceVersion "1"]
[SourceVersionDate "2020.03.31"]
[SourceQuality "1"]
[WhiteTeam "Frankenthal"]
[BlackTeam "Untergrombach"]
[WhiteTeamCountry "GER"]
[BlackTeamCountry "GER"]

1. e4 c6 2. d4 d5 3. exd5 cxd5 4. c4 Nf6 5. Nc3 e6 6. Bg5 Be7 7. a3 Nc6 8. Nf3 0-0 9. c5 b6 10. Bb5 Bb7 11. Bxc6 Bxc6 12. Ne5 Qc7 13. b4 bxc5 14. bxc5 Rfe8 15. Bf4 Qb7 16. Rb1 Qa6 17. Nxc6 Qxc6 18. 0-0 Nd7 19. Nb5 e5 20. dxe5 Nxc5 21. Nd4 Qg6 22. Bd2 Ne4 23. Bb4 Bxb4 24. Rxb4 Rxe5 25. Nf3 Re7 26. Qxd5 Rae8 27. Rb7 Kf8 28. Rxe7 Rxe7 29. Ne5 Qe6 30. Qxe4 Qxe5 31. Qa8+ Re8 32. Qxa7 Qc3 33. Qa4 Re1 34. Qb4+ 1-0

[Event "GER-chT U14"]
[Site "Magdeburg"]
[Date "2019.12.28"]
[Round "3.4"]
[White "Schroeder, Lennart"]
[Black "Schreidl, Michael"]
[Result "1-0"]
[WhiteElo "1863"]
[BlackElo "1632"]
[PlyCount "61"]
[EventDate "2019.12.27"]
[EventType "team-swiss"]
[EventRounds "7"]
[EventCountry "GER"]
[SourceTitle "CBM 194 Extra"]
[Source "ChessBase"]
[SourceDate "2020.03.31"]
[SourceVersion "1"]
[SourceVersionDate "2020.03.31"]
[SourceQuality "1"]
[WhiteTeam "Muenster 32"]
[BlackTeam "Frankenthal"]
[WhiteTeamCountry "GER"]
[BlackTeamCountry "GER"]

1. d4 d5 2. c4 e6 3. Nf3 Nf6 4. g3 Be7 5. Bg2 0-0 6. 0-0 dxc4 7. Qc2 a6 8. Qxc4 b5 9. Qc2 Bb7 10. Bg5 Nd5 11. Bxe7 Qxe7 12. Nbd2 Nb4 13. Qc1 Rc8 14. Nb3 Bd5 15. Nfd2 Bxg2 16. Kxg2 Nd7 17. Ne4 e5 18. dxe5 Qxe5 19. Nec5 Nxc5 20. Qxc5 Qe4+ 21. Kg1 Nd5 22. Rfd1 Nb6 23. Nd4 Nc4 24. Nc6 Re8 25. b3 Nd6 26. Nd4 Rac8 27. e3 Re7 28. a4 Re5 29. Qc6 Qxc6 30. Nxc6 Kf8 31. Nxe5 1-0

[Event "GER-chT U14"]
[Site "Magdeburg"]
[Date "2019.12.27"]
[Round "1.3"]
[White "Mueller, Magnus"]
[Black "Schreidl, Michael"]
[Result "1-0"]
[WhiteElo "2055"]
[BlackElo "1632"]
[PlyCount "63"]
[EventDate "2019.12.27"]
[EventType "team-swiss"]
[EventRounds "7"]
[EventCountry "GER"]
[SourceTitle "CBM 194 Extra"]
[Source "ChessBase"]
[SourceDate "2020.03.31"]
[SourceVersion "1"]
[SourceVersionDate "2020.03.31"]
[SourceQuality "1"]
[WhiteTeam "Gera"]
[BlackTeam "Frankenthal"]
[WhiteTeamCountry "GER"]
[BlackTeamCountry "GER"]

1. e4 e5 2. Nf3 Nc6 3. Bc4 Bc5 4. c3 Nf6 5. d4 exd4 6. 0-0 d5 7. exd5 Nxd5 8. Qb3 Na5 9. Qb5+ c6 10. Qxc5 b6 11. Qxd4 0-0 12. Bxd5 cxd5 13. Bf4 Nc6 14. Qd3 a5 15. Re1 Ba6 16. Qc2 d4 17. Nxd4 Nxd4 18. cxd4 Qxd4 19. Be5 Qg4 20. Nc3 Bb7 21. Bg3 Rac8 22. Qb3 Qg6 23. Rad1 Rc6 24. Nd5 Re6 25. Ne7+ Rxe7 26. Rxe7 Qc6 27. Qf3 Qxf3 28. gxf3 Bxf3 29. Rd3 Bg4 30. Bc7 Be6 31. Rd8 Bxa2 32. Ree8 1-0

[Event "GER-chT U14"]
[Site "Magdeburg"]
[Date "2019.12.27"]
[Round "2.10"]
[White "Schreidl, Michael"]
[Black "Friedrich, Eddie"]
[Result "1-0"]
[WhiteElo "1632"]
[BlackElo "1507"]
[PlyCount "127"]
[EventDate "2019.12.27"]
[EventType "team-swiss"]
[EventRounds "7"]
[EventCountry "GER"]
[SourceTitle "CBM 194 Extra"]
[Source "ChessBase"]
[SourceDate "2020.03.31"]
[SourceVersion "1"]
[SourceVersionDate "2020.03.31"]
[SourceQuality "1"]
[WhiteTeam "Frankenthal"]
[BlackTeam "Hoyerswerda"]
[WhiteTeamCountry "GER"]
[BlackTeamCountry "GER"]

1. e4 e5 2. Nf3 Nf6 3. Nxe5 d6 4. Nf3 Nxe4 5. d4 d5 6. Bd3 Bf5 7. c4 Bb4+ 8. Nbd2 c6 9. Qe2 0-0 10. a3 Nxd2 11. axb4 Bxd3 12. Qxd3 Nxc4 13. 0-0 Qd6 14. b3 Nb6 15. Ba3 Qf6 16. Rfe1 N8d7 17. b5 Rfe8 18. bxc6 Qxc6 19. Rac1 Rxe1+ 20. Rxe1 Rc8 21. Qe3 Nf6 22. Ne5 Qc3 23. Bc5 Qxe3 24. fxe3 Ne4 25. b4 f6 26. Nd3 Kf7 27. Ra1 Rc7 28. Nf4 Rd7 29. Nd3 Nc4 30. Rxa7 Nxe3 31. Bb6 Nf5 32. Nc5 Nxc5 33. Bxc5 Ne3 34. Kf2 Nc4 35. b5 Ke6 36. b6 Nd2 37. Ke3 Nb3 38. Kd3 Nxc5+ 39. dxc5 d4 40. c6 bxc6 41. b7 Rxb7 42. Rxb7 g5 43. Rxh7 c5 44. Kc4 Kd6 45. Rh6 Ke5 46. Kxc5 d3 47. Rh8 Ke4 48. Kc4 Ke3 49. Kc3 f5 50. Rh3+ Kf2 51. Rf3+ Kxg2 52. Rxf5 g4 53. Rg5 Kf3 54. Kxd3 Kf4 55. Rg8 Kf3 56. Rf8+ Kg2 57. Ke2 Kxh2 58. Kf2 g3+ 59. Kf3 g2 60. Rh8+ Kg1 61. Rg8 Kh1 62. Kf2 g1Q+ 63. Rxg1+ Kh2 64. Rg3 1-0